<The> Analysis of the financial health of selected business accounting entities

Analýza finančného zdravia vybraných účtovných jednotiek so zameraním na základné indikátory finančného zdravia, ktorými sú ukazovatele rentability a likvidity. Posúdenie finančnej situácie a výnosnosti účtovnej jednotky.

Guardado en:
Detalles Bibliográficos
Autor principal: Blahušiaková, Miriama, 1980-
Formato: Capítulo de libro
Lenguaje:eslovaco
Materias:
Etiquetas: Agregar Etiqueta
Sin Etiquetas, Sea el primero en etiquetar este registro!

MARC

LEADER 00000naa$a2200000$$$4500
001 0236060
005 20240502073822.8
041 0 |a slo 
044 |a SK 
245 1 0 |a <The> Analysis of the financial health of selected business accounting entities  |c Miriama Blahušiaková 
520 |a Analýza finančného zdravia vybraných účtovných jednotiek so zameraním na základné indikátory finančného zdravia, ktorými sú ukazovatele rentability a likvidity. Posúdenie finančnej situácie a výnosnosti účtovnej jednotky. 
610 2 0 |a jednotka účtovná 
610 2 0 |a analýza finančná 
610 2 0 |a likvidita podniku 
610 2 0 |a rentabilita podniku 
610 2 0 |a zisk podnikový 
610 2 0 |a zdravie podniku finančné 
100 1 |a Blahušiaková, Miriama, 1980-